000 00522nam a2200181Ia 4500
999 _c14640
_d14640
003 OSt
005 20201022130731.0
008 190216s9999||||xx |||||||||||||| ||und||
020 _a9780143418658
040 _coclc
082 _a920.054
_bMUR/D
100 _aMurty, Sudha
_96071
245 4 _aThe Day I Stopped Drinking Milk /
_cSudha Murty
260 _bPenguin Books,
_c2012.
_aNew Delhi:
300 _a212p
650 _aEnglish-Biography
942 _cBK
_2ddc
_h920.054
_iMUR/D
_k920.054
_mMUR/D